Pietro Nobile, ein Genius des Neoklassizismus in Triest, Wien und Prag
| Titel: | Pietro Nobile, ein Genius des Neoklassizismus in Triest, Wien und Prag |
|---|---|
| Verfasser: | |
| In: |
Römische historische Mitteilungen, Band 42 (2000), Seite 383-391, 8 Abb. alle Artikel anzeigen |
| Veröffentlicht: | 2000 |
| Format: | Aufsatz |
| Sprache: | Deutsch |
X
alg: 39147785 001A $01999:11-11-16 001B $01999:15-05-21 $t20:54:32.000 001C $06050:19-11-16 $t08:50:54.000 001D $01999:11-11-16 001U $0utf8 001X $00 002@ $0Aox 003@ $0391477854 007A $0391477854 $aHEB 007T $0Herd54525 010@ $ager 011@ $a2000 021A $aPietro Nobile, ein Genius des Neoklassizismus in Triest, Wien und Prag 028A $aFanta $dBokumil 031A $d42 $h383-391, 8 Abb. $j2000 037A $aBetr. sein Wirken in Prag, Königswart und Kulm 039B $aIn $8--Abvc--. Römische historische Mitteilungen . - Wien : Verl. d. Österreichischen Akad. d. Wissenschaften, 1958-. - ISSN 0080-3790 $x200000000420000617 $9047289082 045F $a709.4371 $eDDC23BSB 045F/01 $a709 045F/03 $g4371 045T $a1 $a8 lok: 39147785 78 exp: 39147785 78 1 #EPN 201B/01 $021-02-19 $t22:41:38.000 201U/01 $0utf8 203@/01 $0787571946 208@/01 $a11-11-16 $be 209A/01 $a/ $f000 $x00 220C/01 $aTitelaufnehmer: nk;pg 244Z/01 $#Tschechien $#Tschechische Republik $#Tschechische Republik $#Tschechenland $#Tschechei Tschechien $#Česká Republika $#Czech Republic $#ČR $74303381-7 $8--Tg1--Tschechien $x01 $9086659812 244Z/01 $2Trx $#Böhmen $#Bohemia $#Czechy $8--Trx--Čechy $x02 $9391188941 244Z/01 $#Prag $#Hlavni Město Praha $#Hauptstadt Prag $#Prag Kraj $#Bezirk Prag $#Praha $#Prague $#Praga $#Praag $74076310-9 $8--Tg1--Prag $x03 $9085216283 244Z/01 $2Trx $#Königswart Eger $#Bad Königswart Eger $#Lázně Kinžvart $8--Trx--Lázně Kynžvart$gCheb $x04 $9391305468 244Z/01 $#Culm, Weichsel $#Kulm, Weichsel $#Kulm $#Culm Chełmno $#Kulm Chełmno $#Kreisstadt Kulm $#Stadt Kulm $#Culm i. Westpr. $74070152-9 $8--Tg1--Chełmno $x05 $9085197343 244Z/01 $aGeschichte 1826-1835 $x06 244Z/01 $2Trx $8--Trx--Nobile, Pietro$Z1776-1854 $x07 $9390869120 244Z/01 $2Trx $#arhitektid $#architektai $#architects $#épitészek $#architekci $#architekti $#architekti $8--Trx--Architekten $x08 $9391365967 244Z/01 $2Trx $8--Trx--Zeitschriftenaufsatz $x09 $9391384341 245Z/01 $a11.11 $x01 247C/01 $82080>Marburg/Lahn, Herder-Institut, Forschungsbibliothek, Bibliographieportal $9336309341
| LEADER | 00000caa a22000002c 4500 | ||
|---|---|---|---|
| 001 | 391477854 | ||
| 003 | DE-603 | ||
| 005 | 20210515205432.0 | ||
| 007 | tu | ||
| 008 | 161111s2000 xx |||| | u00||u|ger c | ||
| 035 | |a (DE-599)HEB391477854 | ||
| 040 | |a DE-603 |b ger |c DE-603 |d DE-603 | ||
| 041 | |a ger | ||
| 082 | 0 | 4 | |8 1\u |a 709.4371 |q DE-101 |2 23/BSB |
| 084 | |a 1 |a 8 |2 ssgn | ||
| 085 | |8 1\u |b 709 | ||
| 085 | |8 1\u |z 2 |s 4371 | ||
| 100 | 1 | |a Fanta, Bokumil | |
| 245 | 0 | 0 | |a Pietro Nobile, ein Genius des Neoklassizismus in Triest, Wien und Prag |
| 264 | 0 | |c 2000 | |
| 500 | |a Betr. sein Wirken in Prag, Königswart und Kulm | ||
| 773 | 0 | 8 | |i In |t Römische historische Mitteilungen |d Wien : Verl. d. Österreichischen Akad. d. Wissenschaften, 1958- |x 0080-3790 |g Band 42 (2000), Seite 383-391, 8 Abb. |w (DE-603)047289082 |w (DE-600)206126-0 |
| 924 | 0 | |9 2080 |a (DE-603)787571946 |b DE-2080 |c HES |d d |g / | |


